000 00726nam a2200205Ii 4500
003 JO-AjNU
008 230605s9999||||xx |||||||||||||| ||und||
040 _aJO-AjNU
_bara
_erda
_cJO-AjNU
041 _aara
050 1 4 _aHF5415 2008
100 3 _aإعداد المادة العلمية بني هاني، جهاد ، معن الصقر,
_eauthor
_957125
245 0 0 _aأنظمة المعلومات التسويقية
250 _aط1
264 3 1 _aعمان: منشورات جامعة القدس المفتوحة، 2008
300 _a344ص
336 _atext
_btxt
_2rdacontent
337 _aunmediated
_bn
_2rdamedia
338 _avolume
_bnc
_2rdacarrier
650 4 _aالتسويق- معالجة البيانات
_957126
999 _aA25580
_c29148
_d29148